| 000 | 00493nam a2200181 a 4500 | ||
|---|---|---|---|
| 005 | 20231012063613.0 | ||
| 008 | 041007s2001 mx r 000 0 spa d | ||
| 020 | _a9701875915 | ||
| 035 | _aUPN01000135359 | ||
| 049 | _aLTG | ||
| 050 | 4 |
_aLB1027.25 _bF5.3 |
|
| 245 | 0 | 0 | _aFichas multigrado / |
| 260 |
_aMéxico : _bSEP: _bCONAFE, _c2001. |
||
| 300 |
_a131 p. : _bcuadros |
||
| 650 | 4 |
_aProgramas de actividades en la educación _97928 |
|
| 650 | 4 |
_aGrupos multigrado _91555 |
|
| 905 | _aLibro | ||
| 999 |
_c107510 _d107510 |
||